Can climate change be reversed under capitalism? /

Na minha lista:
Detalhes bibliográficos
Autor principal: Markandya, Anil
Formato: Texto
Tags: Adicionar Tag
Sem tags, seja o primeiro a adicionar uma tag!

MARC

LEADER 00000 a a2200000 04500
001 41366
003
040
100 |a Markandya, Anil  
245 |a Can climate change be reversed under capitalism? /  |c Anil Markandya  
773 |g volumen40, número6 ( , 2009), páginas 1139-1152  
999 |c 22467  |d 22467